000 01282nam0a22002771 4500
001 rc\4196459
005 20260407132004.0
021 _aRU
_b[52-23935]
035 _a(NLR Aleph) 008200428
090 _a8033272
_c8033272
100 _a20130415d1952 |||y0rusy50 ca
101 0 _arus
102 _aRU
105 _aa z |||||
200 1 _aЭлектропередаточная тележка СМ-94
_e[Для перевозки груженых вагонеток вдоль обжиговых печей]
_eРуководство по эксплуатации
_fМ-во строит. и дор. машиностроения СССР. Главстроймеханизация. Трест "Строймеханизация"
210 _aМосква
_cМашгиз
_d1952
215 _a24 с.
_cчерт.
_d19
300 _aНа обороте тит. л. сост.: инж. П.И. Крайтман
606 _aТележки электропередаточные
_2psbo
702 1 _aКрайтман
_bП.И.
_gПетр Израилевич
_4220
712 0 2 _a"Строймеханизация", трест
_cМосква
_3RU\NLR\AUTH\889989345
_9474198
801 0 _aRU
_bNLR
_gpsbo
801 1 _aRU
_bELAR
_2rusmarc
852 _aNLR
_jТ44 Г-4/850
942 _cBOOK
980 _aNB